000 01733nam0a2200397 4500
001 RU\NLR\bibl\1671354
005 20260406134551.0
010 _a978-5-382-01231-5
021 _aRU
_b2010-57543
_93769
035 _a(NLR Aleph) 001662612
090 _a991203
_c991203
100 _a20100726d2010 |||y0rusy50 ca
101 1 _arus
_cger
102 _aRU
105 _ay |||||||||
200 1 _aАнтропология с прагматической точки зрения
_dAnthropologie in pragmatischer Hinsicht
_fИ. Кант
_gпер. с нем. Н.М. Соколова
_zger
205 _aИзд. 2-е
210 _aМосква
_cURSS
_cИзд-во ЛКИ
_d2010
215 _a194 c.
_d17
225 1 _aИз наследия мировой философской мысли: история философии
300 _aАвт. также на нем. яз.: Immanuel Kant
300 _a1-е изд. выходило под загл. "Антропология"
320 _aБиблиогр. в подстроч. прим.
451 0 _12001#$aАнтропология
_tАнтропология
510 0 _6z24790
_aAnthropologie in pragmatischer Hinsicht
_zger
606 0 _aКлассическая немецкая идеалистическая философия
_91358866
_3RU\NLR\auth\66253813
686 _aЮ3(4Г)5-653.1-0
700 1 _4070
_8rus
_7ca
_aКант
_bИ.
_f1724-1804
_gИммануил
_3RU\NLR\auth\772317
_9112332
790 1 _4070
_8ger
_7ba
_aKant
_bI.
_f1724-1804
_gImmanuel
_3RU\NLR\auth\772318
_9112333
801 0 _aRU
_bРГБ
_c20100726
_grcr
801 1 _aRU
_bРГБ
_c20100726
801 2 _aRU
_bNLR
_c20100903
_grcr
942 _cBOOK
980 _aNB